[Event "Caribean-chT 24th"]
[Site "San Salvador"]
[Date "2023.07.06"]
[Round "4.1"]
[White "Ortiz, Marcos"]
[Black "Escalona Landi, Samid Eduardo"]
[Result "0-1"]
[WhiteElo "2140"]
[BlackElo "2286"]
[PlyCount "89"]
[EventDate "2023.07.06"]
[EventType "tourn"]
[EventRounds "15"]
[EventCountry "ESA"]
[SourceTitle "CBM 215 Extra"]
[Source "ChessBase"]
[SourceDate "2023.09.30"]
[SourceVersion "1"]
[SourceVersionDate "2023.09.30"]
[SourceQuality "1"]
[WhiteTeam "Nicaragua"]
[BlackTeam "Venezuela"]
[WhiteTeamCountry "NCA"]
[BlackTeamCountry "VEN"]

1. e4 c5 2. Nf3 d6 3. d4 cxd4 4. Nxd4 Nf6 5. Nc3 Nc6 6. Bg5 e6 7. Qd3 Bd7 8. Ndb5 Nb4 9. Qd2 a6 10. Nd4 h6 11. Bh4 Nc6 12. 0-0-0 Be7 13. f4 b5 14. Nxc6 Bxc6 15. Qe1 b4 16. Bxf6 gxf6 17. Nb1 Qb6 18. Bd3 a5 19. Nd2 Rc8 20. Kb1 h5 21. Nc4 Qc5 22. b3 a4 23. Qe3 Qxe3 24. Nxe3 Rg8 25. Rhe1 Bd8 26. g3 Bb6 27. Nc4 Bc5 28. Be2 Ke7 29. Bf3 Bb5 30. Be2 Bd7 31. Bxh5 Rh8 32. g4 Bb5 33. Ne3 Rc7 34. h4 Rhc8 35. Rd2 Bb6 36. g5 fxg5 37. hxg5 Rc3 38. Nd1 Rg3 39. Be2 Bc6 40. Bc4 Rf3 41. f5 Rg8 42. f6+ Kd7 43. Nb2 axb3 44. cxb3 Rxg5 45. Nd3 0-1

[Event "Central America-ch 24th"]
[Site "San Salvador"]
[Date "2023.01.21"]
[Round "9"]
[White "Leon Archibaldo, Orlando Andres"]
[Black "Ortiz, Marcos"]
[Result "1-0"]
[WhiteElo "2217"]
[BlackElo "2221"]
[PlyCount "99"]
[EventDate "2023.01.21"]
[EventType "swiss"]
[EventRounds "11"]
[EventCountry "ESA"]
[SourceTitle "CBM 212 Extra"]
[Source "ChessBase"]
[SourceDate "2023.03.31"]
[SourceVersion "1"]
[SourceVersionDate "2023.03.31"]
[SourceQuality "1"]

1. d4 Nf6 2. Nc3 d5 3. Bf4 e6 4. e3 Bb4 5. Nge2 b6 6. a3 Be7 7. Ng1 0-0 8. Nf3 c5 9. Be2 Nc6 10. 0-0 Nh5 11. Be5 f6 12. Bg3 Nxg3 13. hxg3 Bb7 14. Qd2 Qd7 15. Rad1 Rad8 16. Rfe1 Qc7 17. Nb5 Qb8 18. c4 Na5 19. cxd5 Bxd5 20. Nc3 Bb3 21. Rb1 e5 22. Ba6 Qa8 23. Qe2 exd4 24. exd4 Bd6 25. dxc5 Bxc5 26. Qe4 Qb8 27. Qh4 Qc7 28. Ne4 Be7 29. Rbc1 Qd7 30. Qf4 g5 31. Qe3 Rde8 32. Qc3 Bd8 33. Ned2 Rxe1+ 34. Rxe1 Bd5 35. Nd4 Qc7 36. Qd3 Nb7 37. b4 Bf7 38. Ne6 Bxe6 39. Rxe6 Be7 40. Qd5 Rd8 41. Qxb7 Qxb7 42. Bxb7 Kf7 43. Re2 a5 44. bxa5 bxa5 45. a4 Bb4 46. Nf1 Rd1 47. g4 h6 48. g3 Rd7 49. Ba6 Rd4 50. Ne3 1-0

[Event "Central America-ch 24th"]
[Site "San Salvador"]
[Date "2023.01.21"]
[Round "2"]
[White "Ortiz, Marcos"]
[Black "Albornoz Cabrera, Carlos Daniel"]
[Result "0-1"]
[WhiteElo "2221"]
[BlackElo "2576"]
[PlyCount "98"]
[EventDate "2023.01.21"]
[EventType "swiss"]
[EventRounds "11"]
[EventCountry "ESA"]
[SourceTitle "CBM 212 Extra"]
[Source "ChessBase"]
[SourceDate "2023.03.31"]
[SourceVersion "1"]
[SourceVersionDate "2023.03.31"]
[SourceQuality "1"]

1. e4 c5 2. Nf3 d6 3. d4 cxd4 4. Nxd4 Nf6 5. Nc3 a6 6. Bg5 Nbd7 7. Bc4 Qb6 8. Bb3 e6 9. Qd2 Be7 10. f3 Nc5 11. 0-0-0 Qc7 12. Kb1 Rb8 13. g4 b5 14. a3 Bd7 15. Be3 a5 16. g5 Nh5 17. Ba2 b4 18. axb4 axb4 19. Nce2 Qa5 20. Nc1 Ra8 21. c3 bxc3 22. Qxc3 Qa6 23. Qc4 Qb7 24. Ndb3 Na4 25. Rd2 0-0 26. Rhd1 Bb5 27. Qb4 d5 28. Nc5 Nxc5 29. Bxc5 Bxc5 30. Qxc5 Rfc8 31. Qb4 Rxc1+ 32. Kxc1 Rxa2 33. Rc2 Ra1+ 34. Kd2 Rxd1+ 35. Kxd1 Be2+ 36. Kxe2 Qxb4 37. Rc8+ Qf8 38. Rxf8+ Kxf8 39. exd5 Nf4+ 40. Ke3 Nxd5+ 41. Kd4 Ke7 42. Ke5 f6+ 43. gxf6+ gxf6+ 44. Kd4 Kd6 45. Ke4 f5+ 46. Kd4 e5+ 47. Kc4 Kc6 48. b4 Nb6+ 49. Kc3 Kb5 0-1

[Event "Central America-ch 24th"]
[Site "San Salvador"]
[Date "2023.01.21"]
[Round "4"]
[White "Ortiz, Marcos"]
[Black "Francis, Nigel"]
[Result "1-0"]
[WhiteElo "2221"]
[BlackElo "1678"]
[PlyCount "49"]
[EventDate "2023.01.21"]
[EventType "swiss"]
[EventRounds "11"]
[EventCountry "ESA"]
[SourceTitle "CBM 212 Extra"]
[Source "ChessBase"]
[SourceDate "2023.03.31"]
[SourceVersion "1"]
[SourceVersionDate "2023.03.31"]
[SourceQuality "1"]

1. e4 e5 2. Nf3 Nc6 3. Bb5 a6 4. Ba4 Nf6 5. d4 b5 6. Bb3 d6 7. dxe5 Nxe5 8. Nxe5 dxe5 9. Qxd8+ Kxd8 10. Bxf7 Nxe4 11. Bd5 Nxf2 12. Kxf2 Bc5+ 13. Be3 Bxe3+ 14. Kxe3 Rb8 15. Nc3 Bf5 16. Be4 Bxe4 17. Kxe4 Re8 18. Rhf1 c6 19. Rf7 Re7 20. Rf8+ Re8 21. Rxe8+ Kxe8 22. Kxe5 Rd8 23. Rd1 Rc8 24. Ne4 h6 25. Nd6+ 1-0

[Event "Central America-ch 24th"]
[Site "San Salvador"]
[Date "2023.01.21"]
[Round "8"]
[White "Ortiz, Marcos"]
[Black "Johnson, Joshua"]
[Result "0-1"]
[WhiteElo "2221"]
[BlackElo "2172"]
[PlyCount "124"]
[EventDate "2023.01.21"]
[EventType "swiss"]
[EventRounds "11"]
[EventCountry "ESA"]
[SourceTitle "CBM 212 Extra"]
[Source "ChessBase"]
[SourceDate "2023.03.31"]
[SourceVersion "1"]
[SourceVersionDate "2023.03.31"]
[SourceQuality "1"]

1. e4 e5 2. Nf3 Nc6 3. Bb5 a6 4. Ba4 Nf6 5. d4 exd4 6. 0-0 Be7 7. Re1 0-0 8. e5 Ne8 9. c3 d5 10. cxd4 b5 11. Bb3 Na5 12. Bc2 g6 13. Bh6 Ng7 14. Nc3 Be6 15. Ne2 Re8 16. Nf4 Bf5 17. Bxg7 Bxc2 18. Qxc2 Kxg7 19. g3 c6 20. h4 Qc8 21. e6 f6 22. Kg2 Bd6 23. Nd3 Rxe6 24. Rxe6 Qxe6 25. Qc3 Bc7 26. Re1 Qf7 27. Nc5 Nc4 28. b3 Ba5 29. b4 Bb6 30. Ne6+ Kg8 31. Qc1 a5 32. bxa5 Bxa5 33. Re2 Re8 34. Nf4 Rxe2 35. Nxe2 Qe6 36. Nf4 Qe4 37. Qd1 Nd2 38. Qe2 Nxf3 39. Qxf3 Qxd4 40. Qg4 f5 41. Qg5 Bb6 42. Nh3 Qe4+ 43. Kh2 Kf7 44. Qh6 Kg8 45. Ng5 Qe7 46. Nh3 Bd8 47. Qf4 Bc7 48. Qc1 Qf6 49. Qa3 d4 50. Qa8+ Bd8 51. Nf4 Qd6 52. Nd3 Kg7 53. Qa7+ Kh6 54. f4 Qe7 55. Qxd4 Qf6 56. Qd7 Qe7 57. Qd4 Qe2+ 58. Kh1 Bb6 59. Qf6 Qf1+ 60. Kh2 Bg1+ 61. Kh1 Bf2+ 62. Kh2 Qg1+ 0-1

[Event "Managua Olympiad Qual1"]
[Site "Managua"]
[Date "2022.05.18"]
[Round "3"]
[White "Espinoza, Felix"]
[Black "Ortiz, Marcos"]
[Result "0-1"]
[WhiteElo "2101"]
[BlackElo "2266"]
[PlyCount "68"]
[EventDate "2022.05.16"]
[EventType "tourn"]
[EventRounds "9"]
[EventCountry "NCA"]
[SourceTitle "EXT 2023"]
[Source "ChessBase"]
[SourceDate "2022.10.05"]
[SourceVersion "1"]
[SourceVersionDate "2022.10.05"]
[SourceQuality "1"]

1. e4 c5 2. Nf3 d6 3. d4 cxd4 4. Nxd4 Nf6 5. Nc3 a6 6. Bg5 Nbd7 7. f4 Qc7 8. Bd3 h6 9. Bh4 Qb6 10. Bf2 Qxb2 11. Nd5 Nxd5 12. exd5 Qc3+ 13. Kf1 Nf6 14. Ne2 Qa5 15. c4 g6 16. Qb3 Nd7 17. Bd4 Rg8 18. Bc3 Qc7 19. Qa4 Bg7 20. Re1 Bxc3 21. Nxc3 Kf8 22. Ne4 f5 23. Nd2 b5 24. cxb5 Qc3 25. Qc2 Qd4 26. Qc4 Qxc4 27. Bxc4 axb5 28. Bxb5 Rxa2 29. Nb3 Nf6 30. Rc1 Bb7 31. Bc6 Ba6+ 32. Kg1 Bd3 33. Nd4 Be4 34. Ne6+ Kf7 0-1

[Event "Managua Gomez Argenal Memorial"]
[Site "Managua"]
[Date "2021.06.06"]
[Round "3"]
[White "Davila, Carlos"]
[Black "Ortiz, Marcos"]
[Result "0-1"]
[WhiteElo "2202"]
[BlackElo "2202"]
[PlyCount "83"]
[EventDate "2021.05.29"]
[EventType "swiss"]
[EventRounds "9"]
[EventCountry "NCA"]
[SourceTitle "EXT 2022"]
[Source "ChessBase"]
[SourceDate "2021.10.06"]
[SourceVersion "1"]
[SourceVersionDate "2021.10.06"]
[SourceQuality "1"]

1. e4 c6 2. c4 d5 3. exd5 cxd5 4. cxd5 Nf6 5. Nc3 Nxd5 6. Nf3 Nc6 7. d4 Bg4 8. Qb3 Bxf3 9. gxf3 e6 10. Qxb7 Nxd4 11. Bb5+ Nxb5 12. Qc6+ Ke7 13. Qc5+ Nd6 14. Nxd5+ exd5 15. 0-0 Qb6 16. Qxd5 Re8 17. Re1+ Kd7 18. Rxe8 Kxe8 19. Bf4 Kd7 20. Rd1 Be7 21. Bxd6 Bxd6 22. Qxf7+ Kc8 23. Rc1+ Bc7 24. Qd5 Rd8 25. Qa8+ Qb8 26. Qc6 Qb7 27. Qe6+ Kb8 28. Rc3 Bb6 29. a4 Qd5 30. Qe7 Qd4 31. Qe2 Qd1+ 32. Qxd1 Rxd1+ 33. Kg2 Rd2 34. Rb3 Kc8 35. Rc3+ Kd7 36. b4 Bxf2 37. Rc4 Bh4+ 38. Kh3 Bf6 39. b5 Rd4 40. Rxd4+ Bxd4 41. Kg4 Bb6 42. Kf5 0-1

[Event "Managua Hurtado Memorial 20th"]
[Site "Managua"]
[Date "2020.12.30"]
[Round "9"]
[White "Ortiz, Marcos"]
[Black "Davila, Carlos"]
[Result "1/2-1/2"]
[WhiteElo "2203"]
[BlackElo "2201"]
[PlyCount "131"]
[EventDate "2020.12.26"]
[EventType "swiss"]
[EventRounds "9"]
[EventCountry "NCA"]
[SourceTitle "CBM 200 Extra"]
[Source "ChessBase"]
[SourceDate "2021.03.31"]
[SourceVersion "1"]
[SourceVersionDate "2021.03.31"]
[SourceQuality "1"]

1. e4 e5 2. Nf3 Nf6 3. Nxe5 d6 4. Nf3 Nxe4 5. d4 Be7 6. Bd3 Nf6 7. 0-0 0-0 8. c4 Bg4 9. h3 Bh5 10. Nbd2 Nc6 11. Qb3 a5 12. a3 Qc8 13. Re1 Re8 14. d5 Ne5 15. Nxe5 dxe5 16. Rxe5 Bc5 17. Rxe8+ Qxe8 18. Nf1 Qe1 19. Qc2 Re8 20. Rb1 Re2 21. Be3 Qxf2+ 22. Bxf2 Bxf2+ 23. Kh1 Rxc2 24. Bxc2 Be2 25. Nd2 Kf8 26. b3 Nh5 27. Ne4 Bh4 28. Kh2 Nf6 29. Nxf6 Bxf6 30. Re1 Bh5 31. g4 Bg6 32. Bxg6 hxg6 33. Kg3 Be7 34. a4 g5 35. Kf3 b6 36. Ke4 Ke8 37. Kd4 Kd7 38. Rf1 Ke8 39. Ke5 Kf8 40. Ke4 g6 41. Kd4 Bc5+ 42. Kd3 Kg7 43. Re1 Kf8 44. Re2 Be7 45. Re4 Bd6 46. Re3 Bf4 47. Re4 Bd6 48. Ke2 Bc5 49. Kf3 Bd6 50. Kg2 Bc5 51. h4 gxh4 52. g5 Be7 53. Rg4 Kg7 54. Kh3 Kf8 55. Kxh4 Ke8 56. Re4 Kf8 57. Kg4 Bd6 58. Re2 Ba3 59. Rg2 Bd6 60. Rf2 Be7 61. Rf1 Kg8 62. Kf4 Bd6+ 63. Ke4 Be7 64. Rg1 Bc5 65. Rg4 Ba3 66. Kd3 1/2-1/2

[Event "Managua Hurtado Memorial 20th"]
[Site "Managua"]
[Date "2020.12.29"]
[Round "7"]
[White "Ortiz, Marcos"]
[Black "Espinoza Solano, Jose Nahum"]
[Result "1-0"]
[WhiteElo "2203"]
[BlackElo "2061"]
[PlyCount "68"]
[EventDate "2020.12.26"]
[EventType "swiss"]
[EventRounds "9"]
[EventCountry "NCA"]
[SourceTitle "CBM 200 Extra"]
[Source "ChessBase"]
[SourceDate "2021.03.31"]
[SourceVersion "1"]
[SourceVersionDate "2021.03.31"]
[SourceQuality "1"]

1. e4 e5 2. Nf3 Nc6 3. d4 exd4 4. Bc4 Nf6 5. e5 d5 6. Bb5 Ne4 7. Nxd4 Bd7 8. Bxc6 bxc6 9. 0-0 Bc5 10. f3 Ng5 11. Be3 Ne6 12. c3 Rb8 13. f4 Rxb2 14. f5 Nxd4 15. cxd4 Be7 16. Qg4 Bf8 17. e6 Bc8 18. Nd2 Bd6 19. Qxg7 Rf8 20. Qxh7 Qf6 21. Nf3 fxe6 22. fxe6 Rh8 23. Qd3 Bxe6 24. Qc3 Rb6 25. Ne5 Qh4 26. Bf4 Bf5 27. Bg3 Qh5 28. a4 Bb4 29. Qe3 Be4 30. a5 Bxa5 31. Rxa5 Rb2 32. Nf3 Rxg2+ 33. Kxg2 Qh3+ 34. Kg1 Rg8 1-0